Пропуск в контексте

Арбитражный процессуальный кодекс Российской Федерации Нормативные документы

Сохранить в:
Bibliografiske detaljer
Format: Нормативные документы
Udgivelse:1
Serier:Библиотека кодексов
Online adgang:https://znanium.com/catalog/document?id=128699
https://znanium.com/cover/0126/126662.jpg
Tags: Tilføj Tag
Ingen Tags, Vær først til at tagge denne postø!
LEADER 01320nam0a2200277 i 4500
001 RU\infra-m\znanium\bibl\126662
003 https://znanium.com/catalog/document?id=128699
005 20190712000000.0
010 |a 978-5-16-002965-8 
100 |a 20190712d2011 m y0rusy0150 ca 
101 0 |a rus 
102 |a RU 
200 1 |a Арбитражный процессуальный кодекс Российской Федерации  |e Нормативные документы 
205 |a 1 
210 1 |a Москва  |c ООО "Научно-издательский центр ИНФРА-М"  |d 2007 
215 |a 176 с. 
225 1 |a Библиотека кодексов 
606 |a Право. Юридические науки  |x Кодексы Российской Федерации  |2 local 
608 |a Нормативные документы  |2 local 
675 |a 34  |z rus 
686 |a 674  |2 rubbk 
686 |a 40.03.01  |2 okso 
686 |a 40.04.01  |2 okso 
801 0 |a RU  |b Общество с ограниченной ответственностью «ЗНАНИУМ»  |c 20070129  |2 rusmarc 
856 4 |a znanium.com  |m ebs_support@infra-m.ru  |n НИЦ ИНФРА-М  |u https://znanium.com/catalog/document?id=128699 
856 4 1 |a znanium.com  |d /cover/0126  |f 126662.jpg  |q image/jpeg  |u https://znanium.com/cover/0126/126662.jpg